<?xml version="1.0" encoding="UTF-8"?>
<record
    xmlns:xsi="http://www.w3.org/2001/XMLSchema-instance"
    xsi:schemaLocation="http://www.loc.gov/MARC21/slim http://www.loc.gov/standards/marcxml/schema/MARC21slim.xsd"
    xmlns="http://www.loc.gov/MARC21/slim">

  <leader>01754nam a22002777a 4500</leader>
  <datafield tag="999" ind1=" " ind2=" ">
    <subfield code="c">21734</subfield>
    <subfield code="d">21734</subfield>
  </datafield>
  <controlfield tag="003">AR-CdUCM</controlfield>
  <controlfield tag="008">190425b           ||||| |||| 00| 0 spa d</controlfield>
  <datafield tag="040" ind1=" " ind2=" ">
    <subfield code="a">MUNICIPALIDAD PROVINCIAL DEL CUSCO</subfield>
    <subfield code="c">BIBLIOTECA MUNICIPAL DEL CUSCO</subfield>
  </datafield>
  <datafield tag="082" ind1=" " ind2=" ">
    <subfield code="a">Rev.Univ/N&#xB0;77/1939</subfield>
    <subfield code="b">Rev.Univ/N&#xB0;77/1939</subfield>
  </datafield>
  <datafield tag="110" ind1=" " ind2=" ">
    <subfield code="a">Universidad Nacional de San Antonio Abad del Cusco</subfield>
    <subfield code="9">15942</subfield>
  </datafield>
  <datafield tag="245" ind1=" " ind2=" ">
    <subfield code="a">Revista Universitaria :</subfield>
    <subfield code="b">&#xD3;rgano de la Universidad del Cuzco /</subfield>
  </datafield>
  <datafield tag="260" ind1=" " ind2=" ">
    <subfield code="a">Cusco :</subfield>
    <subfield code="b">H. G. Rozas,</subfield>
    <subfield code="c">1939.</subfield>
  </datafield>
  <datafield tag="300" ind1=" " ind2=" ">
    <subfield code="a">218 p&#xE1;ginas. :</subfield>
    <subfield code="c">20 cm.</subfield>
  </datafield>
  <datafield tag="440" ind1=" " ind2=" ">
    <subfield code="a">Revista Universitaria</subfield>
    <subfield code="n">A&#xF1;o XXVIII, 2&#xB0; semestre 1939, N&#xB0;77</subfield>
    <subfield code="9">45912</subfield>
  </datafield>
  <datafield tag="505" ind1=" " ind2=" ">
    <subfield code="a">Contenido: La Endocrinolog&#xED;a y la criminalidad. M. Humberto Vallenas. -- Un indicador de acidez i alcalinidad. Oswaldo Baca M. -- El valle del rio San Miguel. Crhistian Bues. -- Superficies coaxiales refractantes y reflectoras su aplicaci&#xF3;n. Antero M. Bueno V. -- Tendencias vernaculares en la novela americana. Alfredo Y&#xE9;pez Miranda. -- Escritores y libros nacionales. Alfredo Y&#xE9;pez Miranda. -- El idioma imperial del Cuzco. Juli&#xE1;n Santisteban Ochoa. -- Canto al indio poema. V&#xED;ctor Santander Cascelli. -- Las momias incas trepanaciones craneanas en el Per&#xFA;. Jorge Cornejo Bouroncle. -- Manuel Gonzales Prada. Encino del Val. -- Doctores honores causa en la Universidad del Cuzco. -- Tradici&#xF3;n Arte y leyenda del drama Ollanta...</subfield>
  </datafield>
  <datafield tag="650" ind1=" " ind2=" ">
    <subfield code="a">Inkas</subfield>
    <subfield code="9">1899</subfield>
  </datafield>
  <datafield tag="650" ind1=" " ind2=" ">
    <subfield code="a">Trepanaciones craneanas</subfield>
    <subfield code="9">45913</subfield>
  </datafield>
  <datafield tag="650" ind1=" " ind2=" ">
    <subfield code="a">Drama Ollantay</subfield>
    <subfield code="9">30206</subfield>
  </datafield>
  <datafield tag="650" ind1=" " ind2=" ">
    <subfield code="a">Manuel Gonzales Prada</subfield>
    <subfield code="9">2389</subfield>
  </datafield>
  <datafield tag="700" ind1=" " ind2=" ">
    <subfield code="a">Y&#xE9;pez Miranda, Alfredo</subfield>
    <subfield code="9">4230</subfield>
  </datafield>
  <datafield tag="700" ind1=" " ind2=" ">
    <subfield code="a">Santisteban Ochoa, Juli&#xE1;n</subfield>
    <subfield code="9">29993</subfield>
  </datafield>
  <datafield tag="700" ind1=" " ind2=" ">
    <subfield code="a">Baca, Oswaldo</subfield>
    <subfield code="9">45914</subfield>
  </datafield>
  <datafield tag="710" ind1=" " ind2=" ">
    <subfield code="a">Universidad Nacional de San Antonio Abad del Cusco</subfield>
    <subfield code="9">15942</subfield>
  </datafield>
  <datafield tag="942" ind1=" " ind2=" ">
    <subfield code="2">ddc</subfield>
    <subfield code="c">PP</subfield>
  </datafield>
  <datafield tag="945" ind1=" " ind2=" ">
    <subfield code="a">rac</subfield>
  </datafield>
  <datafield tag="952" ind1=" " ind2=" ">
    <subfield code="0">0</subfield>
    <subfield code="2">ddc</subfield>
    <subfield code="4">0</subfield>
    <subfield code="7">0</subfield>
    <subfield code="a">HEM</subfield>
    <subfield code="b">HEM</subfield>
    <subfield code="c">CART</subfield>
    <subfield code="d">2021-04-26</subfield>
    <subfield code="g">10.00</subfield>
    <subfield code="o">Rev.Univ/N&#xB0;77/1939</subfield>
    <subfield code="p">REVC000068</subfield>
    <subfield code="r">2021-04-26</subfield>
    <subfield code="y">PP</subfield>
  </datafield>
</record>
